00581nam a22002057a 450000500170000001000130001702000100003003500130004003700160005304000120006908200160008110000230009724500640012026000450018427000430022930000210027250000510029365000210034465000100036520170124110048.0 aA-996218 c00.00 aA-996218 bCen Lib/Ret aDPLbEN a780.89bCHA aChakravarty, Arati aAn introduction to Hindustani Music /cby Arati Chakravarty aNew DelhibHar-Anand Publications c1999 a364-A Chirah Delhi bNew Delhie110017 a175p. c22cm(Hb) aIncludes bibliographical references and index. aHindustani music aMusic